Polygrafia a médiá

Mimoriadna sekcia Trendu. Polygrafický priemysel. Výsledky hospodárenia slovenských polygrafických firiem. Médiá v Slovenskej republike. Nekomerčná literatúra na Slovensku.

Saved in:
Bibliographic Details
Format: Book Chapter
Language:Slovak
Subjects:
Tags: Add Tag
No Tags, Be the first to tag this record!

MARC

LEADER 00000naa a2200000 4500
001 r036476
005 20230921104232.0
041 0 |a slo 
044 |a SK 
245 1 0 |a Polygrafia a médiá 
520 |a Mimoriadna sekcia Trendu. Polygrafický priemysel. Výsledky hospodárenia slovenských polygrafických firiem. Médiá v Slovenskej republike. Nekomerčná literatúra na Slovensku. 
610 2 0 |a priemysel polygrafický 
610 2 0 |a firmy 
610 2 0 |a hospodárenie podnikové 
610 2 0 |a médiá 
610 2 0 |a literatúra 
610 2 0 |a legislatíva 
610 2 0 |a Slovensko